000
00338 a2200157 4500
001
167725
020
_a
040
_c
Magnum
100
_a
Queiroz, Luiz Roberto de Souza
240
1
0
_a
100 Animais brasileiros
_l
por
245
1
0
_a
100 Animais brasileiros
362
0
_a
1899
440
1
_a
Moderna
697
_a
ZOOLOGIA
942
_c
BK
999
_c
167725
_d
167725